00377 2200157 4500245005300000020001800053250001100071100001600082650001600098005001900114260002900133041001400162084000800176300002600184336000900210 aSaid Bismillah If You Love MecIndri GaluhhText a979-794-504-9 aCet. 1 aIndri Galuh aNovel Fiksi a20230110072229 aJakartabMediakitac2015 aIndonesia a813 aiv, 228 hlm. :c19 cm atext